| 000 | 00594nam a22001931 4500 | ||
|---|---|---|---|
| 999 |
_c5241 _d5241 |
||
| 001 | 10158603 | ||
| 003 | OSt | ||
| 005 | 20190102104917.0 | ||
| 008 | 00026401912 nyu 000 0 eng d | ||
| 040 |
_aIWT _cIWT _dm/c _dATH |
||
| 082 |
_aREF 220.6 _bM47L |
||
| 090 |
_aBS511 _b.M55 1912 |
||
| 100 | 1 |
_aMorgan, G. Campbell _q(George Campbell), _d1863-1945. |
|
| 245 | 1 | 0 |
_aLiving messages of the books of the Bible / _cby G. Campbell Morgan. |
| 260 |
_aNew York : _bFleming H. Revell _cc1912. |
||
| 300 |
_a4 v. in 2 ; _c21 cm. |
||
| 630 | 0 | 0 |
_aBible _xCriticism, interpretation, etc. |
| 942 |
_2ddc _cREF |
||